Private international law: (Record no. 159831)

MARC details
000 -LEADER
fixed length control field 00621nam a22001937a 4500
005 - DATE AND TIME OF LATEST TRANSACTION
control field 20190114111248.0
010 ## - LCCN (DPL NO)
LC control number ENG-124634
020 ## - INTERNATIONAL STANDARD BOOK NUMBER
International Standard Book Number 9780199489282
Terms of availability 650.00
035 ## - SYSTEM CONTROL NUMBER
System control number EN-108166
037 ## - SOURCE OF ACQUISITION
Source of stock number/acquisition DBAD/PUB
082 ## - DEWEY DECIMAL CLASSIFICATION NUMBER
Classification number 340.9
100 ## - MAIN ENTRY--PERSONAL NAME
Personal name Govindaraj V.C.
245 ## - TITLE STATEMENT
Title Private international law:
Statement of responsibility, etc by Govindaraj V.C.
Remainder of title a case study/
260 ## - PUBLICATION, DISTRIBUTION, ETC. (IMPRINT)
Place of publication, distribution, etc New Delhi
Name of publisher, distributor, etc Oxford Univrsity Press
Date of publication, distribution, etc 2018
270 ## - ADDRESS
Address 2/11 Ground Floor, Ansari Road, Daryaganj,
City New Delhi
Postal code 110002
300 ## - PHYSICAL DESCRIPTION
Extent xiv, 170p.
Dimensions 21cm.(Hb)
500 ## - GENERAL NOTE
General note It includes index and about the author
942 ## - ADDED ENTRY ELEMENTS (KOHA)
Source of classification or shelving scheme Dewey Decimal Classification
Item type English Books
Call number suffix GOV
Classification part 340.9
Holdings
Withdrawn status Lost status Not for loan Collection code Home library Current library Date acquired Source of acquisition Cost, normal purchase price Full call number Barcode Copy number Cost, replacement price Koha item type
    Not For Loan Non-fiction D.B.Act.Division Patel Nagar 07/01/2019 DBAD/PUB 650.00 340.9 GOV EN-108166 1 650.00 English Books

© Delhi Public Library
Hit Counter
free hit counter